Statistiques concernant Pays les plus proches de Viêt-Nam

Cliquez ici pour prendre le quiz!

Statistiques générales

  • Ce quiz a été pris 232 fois
  • Le résultat moyen est 18 sur 20

Statistiques - réponses

kmpays% Correct
0Chine
100%
0Laos
98%
0Cambodge
97%
725Inde
96%
1558Japon
96%
104Thaïlande
96%
600Indonésie
95%
390Malaisie
93%
126Myanmar
92%
2221Corée du Sud
91%
2405Corée du Nord
90%
945Philippines
90%
985Bangladesh
88%
805Singapour
87%
1088Taïwan
87%
1131Bhoutan
86%
1492Népal
86%
2026Mongolie
80%
956Brunei
79%
2439Sri Lanka
77%

Distribution des résultats

Percentile par nombre de réponses

% des personnes avec chaque résultat

Votre développement - résultats

Vous n’avez pas pris ce quiz